| 000 | 01261nam a22002897a 4500 | ||
|---|---|---|---|
| 999 |
_c121508 _d121508 |
||
| 003 | dpl | ||
| 005 | 20190226122211.0 | ||
| 008 | 190226b ||||| |||| 00| 0 eng d | ||
| 010 | _aB-235071 | ||
| 020 | _c00.00 | ||
| 035 | _aB-235071, B-235074 | ||
| 037 | _bCen Lib/Ret | ||
| 040 |
_aDPL _bHN _c0 |
||
| 082 |
_a704.948943 _bराववि |
||
| 100 |
_aराव, विनय कुमार _943371 |
||
| 245 |
_aबौद्ध कला में नारी / _cविनय कुमार राव |
||
| 246 |
_aBauddh kala me nari / _bby Vinay Kumar Rav |
||
| 260 |
_aदिल्ली _bस्वाति पब्लिकेशन _c2006 |
||
| 270 |
_bदिल्ली _a३४म सेंट्रल मार्किट, अशोक विहार _e110052 |
||
| 300 |
_avii,175पृ. : _c22सेमी(सजिल्द ) _bसचित्र |
||
| 500 | _aअनुक्रमाणिका शामिल | ||
| 650 |
_aबोद्ध कला _x _z _993254 |
||
| 650 |
_aबोद्ध कला -- नारी चित्रण _998940 |
||
| 650 |
_aBuddhist Art _939125 |
||
| 650 |
_aBuddhist Art - Woman illustration _998941 |
||
| 942 |
_2ddc _cHN _h704.948943 _mराववि |
||